Mercado de valores (Record no. 7706)
[ view plain ]
| 000 -CABECERA | |
|---|---|
| campo de control de longitud fija | 00925nam a2200265 a 4500 |
| 001 - NÚMERO DE CONTROL | |
| campo de control | BRCA_8037 |
| 005 - FECHA Y HORA DE LA ÚLTIMA TRANSACCIÓN | |
| campo de control | 20190320210115.0 |
| 008 - DATOS DE LONGITUD FIJA--INFORMACIÓN GENERAL | |
| campo de control de longitud fija | 260314s1964----mx-####f##---#000-0#spa-# |
| 041 ## - CÓDIGO DE LENGUA | |
| Código de lengua del texto/banda sonora o título independiente | spa |
| 044 ## - CÓDIGO DEL PAÍS DE LA ENTIDAD EDITORA/PRODUCTORA | |
| Código MARC del país | mx |
| 050 #4 - SIGNATURA TOPOGRÁFICA DE LA BIBLIOTECA DEL CONGRESO | |
| Número de clasificación | HG4551 |
| Número de documento/Ítem | .M55 1964 |
| 245 10 - MENCIÓN DE TÍTULO | |
| Título | Mercado de valores |
| Resto del título | tomo I |
| Mención de responsabilidad, etc. | Mario Ramón Beteta ... [et al.]. |
| 260 ## - PUBLICACIÓN, DISTRIBUCIÓN, ETC. | |
| Lugar de publicación, distribución, etc. | México |
| Nombre del editor, distribuidor, etc. | Publicaciones Especializadas |
| Fecha de publicación, distribución, etc. | 1964 |
| 300 ## - DESCRIPCIÓN FÍSICA | |
| Extensión | 145 p. |
| Dimensiones | 21 cm. |
| 440 #0 - MENCIÓN DE SERIE/PUNTO DE ACCESO ADICIONAL--TÍTULO | |
| Título | Colección SELA |
| Designación de volumen o secuencia | 20 |
| 9 (RLIN) | 19972 |
| 500 ## - NOTA GENERAL | |
| Nota general | Ver también Y25 (Tomo 2) |
| 500 ## - NOTA GENERAL | |
| Nota general | Y24 |
| 520 3# - SUMARIO, ETC. | |
| Sumario, etc. | Trabajos presentados en el 1er. Foro Mexicano sobre el Mercado de Valores, organizado por la Bolsa de Valores de México el 22 de julio de 1964 |
| 650 14 - PUNTO DE ACCESO ADICIONAL DE MATERIA--TÉRMINO DE MATERIA | |
| Término de materia o nombre geográfico como elemento de entrada | Mercado de valores |
| Subdivisión de forma | Estudio |
| Subdivisión geográfica | México |
| 9 (RLIN) | 19973 |
| 650 14 - PUNTO DE ACCESO ADICIONAL DE MATERIA--TÉRMINO DE MATERIA | |
| Término de materia o nombre geográfico como elemento de entrada | Finanzas y banca |
| Subdivisión de forma | Exposiciones |
| Subdivisión geográfica | México |
| 9 (RLIN) | 19974 |
| 700 1# - PUNTO DE ACCESO ADICIONAL--NOMBRE DE PERSONA | |
| Nombre de persona | Beteta, Mario Ramón |
| 9 (RLIN) | 19975 |
| 710 2# - PUNTO DE ACCESO ADICIONAL--NOMBRE DE ENTIDAD CORPORATIVA | |
| Nombre de entidad corporativa o nombre de jurisdicción como elemento de entrada | Bolsa de Valores de México |
| 9 (RLIN) | 19976 |
| 902 ## - CATALOGADOR | |
| Iniciales | GFM |
| 942 ## - ELEMENTOS DE PUNTO DE ACCESO ADICIONAL (KOHA) | |
| Fuente del sistema de clasificación o colocación | Library of Congress Classification |
| Tipo de ítem Koha | Libros |
| Estado de retiro | Estado de pérdida | Estado dañado | No para préstamo | Localización permanente | Ubicación/localización actual | Fecha de adquisición | Número de inventario | Total de préstamos | Signatura topográfica completa | Código de barras | Fecha visto por última vez | Precio válido a partir de | Tipo de ítem Koha |
|---|---|---|---|---|---|---|---|---|---|---|---|---|---|
| El ejemplar forma parte de la colección y puede ser consultado según las políticas vigentes. | Biblioteca del Museo Franz Mayer (Rogerio Casas-Alatriste) | Biblioteca del Museo Franz Mayer (Rogerio Casas-Alatriste) | 26/03/2014 | Y24 | HG4551 .M55 1964 (Y24) | 8661 | 22/03/2019 | 22/03/2019 | Libros |